| 000 -LEADER | |
|---|---|
| fixed length control field | 00461nam a22001697a 4500 |
| 005 - DATE AND TIME OF LATEST TRANSACTION | |
| control field | 20230118112922.0 |
| 008 - FIXED-LENGTH DATA ELEMENTS--GENERAL INFORMATION | |
| fixed length control field | 210301b ||||| |||| 00| 0 eng d |
| 020 ## - INTERNATIONAL STANDARD BOOK NUMBER | |
| ISBN | 97893889911094 |
| 041 ## - LANGUAGE CODE | |
| Language code of text/sound track or separate title | eng |
| 082 ## - DEWEY DECIMAL CLASSIFICATION NUMBER | |
| Classification number | 542 CHR-A |
| 100 ## - MAIN ENTRY--AUTHOR NAME | |
| Personal name | CHRISTIAN GARY D AND PURNENDE K & SCHUGE ,KEVINA |
| 245 ## - TITLE STATEMENT | |
| Title | ANALYTICAL CHEMISTRY : AN INDIAN ADAPTATION |
| 260 ## - PUBLICATION, DISTRIBUTION, ETC. (IMPRINT) | |
| Place of publication | INDIA |
| Name of publisher | WILEY |
| Year of publication | 2020 |
| 300 ## - PHYSICAL DESCRIPTION | |
| Number of Pages | 928,P. |
| 650 ## - SUBJECT ADDED ENTRY--TOPICAL TERM | |
| Topical Term | PHARMACY |
| General subdivision | D.PHARMA |
| 942 ## - ADDED ENTRY ELEMENTS (KOHA) | |
| Koha item type | Books |
| Lost status | Damaged status | Collection code | Home library | Current library | Shelving location | Date acquired | Source of acquisition | Cost, normal purchase price | Full call number | Accession Number | Koha item type |
|---|---|---|---|---|---|---|---|---|---|---|---|
| Reference | JRU Library | JRU Library | SHELF-5-B | 01/03/2021 | UNNATI PUBLICATION PURCHASE 1908/17-02-2021 | 928.00 | 542 CHR-A | 25695 | Books | ||
| PHARMACY | JRU Library | JRU Library | SHELF-20-D | 01/03/2021 | UNNATI PUBLICATION PURCHASE 1908/17-02-2021 | 928.00 | 542 CHR-A | 25696 | Books |